Państwa położone najbliżej Japonii - Statystyki

Ogólne statystyki
  • Ten quiz został rozwiązany 6 584 razy
  • Średni wynik to 15 z 20
Statystyki odpowiedzi
km Państwo % Poprawnych
331 Chiny
99%
420 Korea Północna
98%
50 Korea Południowa
98%
43 Rosja
98%
2192 Indonezja
87%
1558 Wietnam
86%
1640 Mongolia
84%
107 Tajwan
84%
568 Filipiny
81%
2041 Tajlandia
81%
2578 Indie
80%
1864 Laos
78%
1984 Malezja
76%
2195 Stany Zjednoczone
76%
1943 Kambodża
74%
2251 Mjanma
68%
3073 Bangladesz
59%
2309 Brunei
49%
2136 Mikronezja
43%
2128 Palau
36%
Nie znaleziono quizów pasujących do podanych kryteriów
Rozkład punktacji
Procent ludzi z każdym wynikiem
Percentyl według liczby udzielonych odpowiedzi
Twoja historia wyników
Nie rozwiązałeś tego quizu